Měnová politika v zemích EU: zkušenosti z r. 1994 a výhled na r. 1995

Menová politika krajín EÚ. Európsky menový systém a devízový trh. Skúsenosti z r. 1994.

Salvato in:
Dettagli Bibliografici
Autore principale: Stanzelová, M.
Natura: Capitolo di libro
Lingua:ceco
Soggetti:
Tags: Aggiungi Tag
Nessun Tag, puoi essere il primo ad aggiungerne!!

MARC

LEADER 00000naa a2200000 4500
001 r016527
005 20221208130634.9
041 0 |a cze 
044 |a CZ 
245 1 0 |a Měnová politika v zemích EU: zkušenosti z r. 1994 a výhled na r. 1995  |c M. Stanzelová 
520 |a Menová politika krajín EÚ. Európsky menový systém a devízový trh. Skúsenosti z r. 1994. 
610 2 0 |a politika menová 
610 2 0 |a Európska únia 
610 2 0 |a 1994 
610 2 0 |a 1995 
610 2 0 |a únie menové 
610 2 0 |a Európsky menový systém 
610 2 0 |a mena 
610 2 0 |a trh devízový 
100 1 |a Stanzelová, M.